LIBRARY & INFORMATION CENTRE, KCAET, TAVANUR

ONLINE PUBLIC ACCESS CATALOGUE (OPAC)

Commercial Law (Record no. 11167)

MARC details
000 -LEADER
fixed length control field 00373cam a2200169ua 4500
041 ## - LANGUAGE CODE
Language code of text/sound track or separate title eng
082 ## - DEWEY DECIMAL CLASSIFICATION NUMBER
Classification number 346.07
Item number SHU/CO
100 ## - MAIN ENTRY--AUTHOR NAME
Personal name M.C. Shukla, Shukla .
245 ## - TITLE STATEMENT
Title Commercial Law
260 ## - PUBLICATION, DISTRIBUTION, ETC. (IMPRINT)
Place of publication Delhi :
Name of publisher S. Chand &co ,
Year of publication 1958.
300 ## - PHYSICAL DESCRIPTION
Number of Pages 292 ; .
942 ## - ADDED ENTRY ELEMENTS (KOHA)
Koha item type Books
Holdings
Withdrawn status Lost status Damaged status Home library Current library Date acquired Full call number Accession Number Koha item type Public note
Withdrawn     KAUAET Sanskrit University 07/04/2012 346.07 8047 Books Transferred to Sanskrit University
free website counter